000 00329nam a2200121 4500
999 _c10656
_d10656
003 OSt
005 20220509164121.0
008 220509b ||||| |||| 00| 0 eng d
082 _a725
100 _aFracchia, Charles A., 1937-
245 _aSo this is where you work! : a guide to unconventional working environments
942 _2ddc